La Gralla : arqueografia de la premsa dels anys 20 i 30 a Granollers : del 5 de maig al 2 de juliol del 1995 arqueografia de la premsa dels anys 20 i 30 a Granollers :
Descripción Física:
[40] p. : il. ; 30 cm
Otros Autores:
Museu de Granollers
MARC
| LEADER | 00000nam a2200000Ia 4500 | ||
|---|---|---|---|
| 001 | 12664 | ||
| 008 | 160829s1995 xx 000 0 cat d | ||
| 080 | |a FU-29-6 | ||
| 245 | |a La Gralla : |b arqueografia de la premsa dels anys 20 i 30 a Granollers : |b del 5 de maig al 2 de juliol del 1995 | ||
| 260 | |a [Granollers] : |b Museu de Granollers, |c 1995 | ||
| 300 | |a [40] p. : |b il. ; |c 30 cm | ||
| 590 | |a Catàleg de l'exposició del mateix nom, dins la 'Primavera del disseny 1995' | ||
| 650 | |a La Gralla (Revista) |x Exposicions |9 28060 | ||
| 650 | |a Premsa |x Granollers |x Exposicions |9 28061 | ||
| 650 | |a Grafisme |x Granollers |x Exposicions |9 28062 | ||
| 700 | |a Museu de Granollers |9 22909 | ||
| 901 | |a Arxiu | ||
| 942 | |n 1 | ||
| 952 | |0 0 |1 0 |4 0 |6 FU296 |7 1 |9 44650 |a Arxiu |b Arxiu |d 2016-12-01 |l 0 |o FU-29-6 |p 12664 |r 2016-12-01 00:00:00 |w 2016-12-01 |y ARXIU | ||
| 999 | |c 47231 |d 47231 | ||